| 000 | 00352nam a2200145Ia 4500 | ||
|---|---|---|---|
| 008 | 230917s9999||||xx |||||||||||||| ||und|| | ||
| 040 |
_e59196 _aMAIN |
||
| 041 | _aEnglish | ||
| 082 | _a294.6 G41C | ||
| 100 | _aGill, Pritam Singh | ||
| 245 | 0 | _aConcepts of Sikhism | |
| 260 |
_aJullundhar _bNew Academic _c1979 |
||
| 300 | _ax, 183 p. | ||
| 942 | _cBK | ||
| 999 |
_c221061 _d221061 |
||